000 00464nam a22001457a 4500
020 _a9789332555402
040 _cNUST
082 _a005.12
_bGAM
100 _aErich Gamma, Richard Helm
_9124068
110 _aRalph Johnson , John Vlissides
_9124069
245 _aDesign Patterns
_bElements of Reusable Object Oriented Software
260 _aIndia:
_bPearson Education,
_c2018.
650 _aElements of Reusable Object Oriented Software
_9124070
942 _2ddc
_cBK
999 _c610032
_d610032